000 00528nam a22001937a 4500
005 20140310182312.0
008 130919t xxu||||| |||| 00| 0 eng d
020 _a0395459915
050 _aPZ 7
_b.B6368Tal 1971
082 _aGS 418.4
_bB64 1989
100 _aBond, Michael
245 _aThe Tales of olga da polga /
_cMichael Bond.
260 _aAtlanta :
_bHoughton Mifflin Company Boston. ,
_c1971.
300 _a128 p. :
_bill. ;
_c22 cm.
942 _2lcc
_cBK
999 _c11698
_d11698